Profesiones a ejercer actualmente en España : estudios necesarios para poder ejercerlas y lugar donde pueden cursarse dichos estudios estudios necesarios para poder ejercerlas y lugar donde pueden cursarse dichos estudios
Publicado:
Barcelona :
Diputación Provincial de Barcelona. Instituto de Psicología Aplicada y Psicotecnia, Sección información ,
1969
Descripción Física:
59 p. ; 26 cm
MARC
| LEADER | 00000nam a2200000Ia 4500 | ||
|---|---|---|---|
| 001 | 8683 | ||
| 003 | BGR | ||
| 005 | 20260324175414.0 | ||
| 008 | 160829s1969 xx 000 0 cat d | ||
| 080 | |a M-3-307 | ||
| 245 | |a Profesiones a ejercer actualmente en España : |b estudios necesarios para poder ejercerlas y lugar donde pueden cursarse dichos estudios | ||
| 260 | |a Barcelona : |b Diputación Provincial de Barcelona. Instituto de Psicología Aplicada y Psicotecnia, Sección información, |c 1969 | ||
| 300 | |a 59 p. ; |c 26 cm | ||
| 650 | |a Professions |x Espanya |9 32084 | ||
| 650 | |a Orientació professional |9 27407 | ||
| 710 | 2 | |a Instituto de Psicología Aplicada y Psicotecnia (Barcelona) |9 71186 | |
| 901 | |a Arxiu | ||
| 942 | |n 1 |2 udc |c MON | ||
| 952 | |0 0 |1 0 |4 0 |6 M3307 |7 1 |9 45862 |a Arxiu |b Arxiu |d 2016-12-01 |l 0 |o M-3-307 |p 8683 |r 2016-12-01 00:00:00 |w 2016-12-01 |y ARXIU | ||
| 999 | |c 49362 |d 49362 | ||